[Event "Open 13 2011/2012"]
[Site "Vitrolles"]
[Date "2011.12.17"]
[Round "4"]
[White "Estevez, Ange"]
[Black "Figier, Anthony"]
[Result "0-1"]
[WhiteElo "1634"]
[BlackElo "1782"]
[PlyCount "58"]

1. e4 Nf6 2. Nc3 d5 3. exd5 Nxd5 4. Bc4 c6 5. Nf3 Bg4 6. Nxd5 cxd5 7. Be2 Nc6
8. d4 e6 9. c3 Bd6 10. h3 Bh5 11. Be3 f6 12. O-O O-O 13. g4 Bf7 14. Kh1 Qd7 15.
Rg1 Kh8 16. Qf1 e5 17. Nh2 Rae8 18. Bb5 a6 19. Bxc6 Qxc6 20. Re1 Qc7 21. Rg2
Bg6 22. f3 f5 23. gxf5 Rxf5 24. Ng4 Ref8 25. Rf2 exd4 26. Bxd4 Bg3 27. Be5 Bxe5
28. Nxe5 Rxe5 29. Rxe5 Qxe5 0-1

[Event "Open 13 2011/2012"]
[Site "Vitrolles"]
[Date "2011.12.17"]
[Round "4"]
[White "Del Vecchio, Alain"]
[Black "Jullien, Patrick"]
[Result "1-0"]
[WhiteElo "1762"]
[BlackElo "1674"]
[PlyCount "79"]

1. e4 e5 2. Bc4 Nf6 3. d3 Nc6 4. Nc3 d6 5. h3 Be6 6. Bxe6 fxe6 7. f4 exf4 8.
Bxf4 Be7 9. Nf3 O-O 10. Qd2 Nh5 11. Be3 Ng3 12. Rg1 d5 13. Ne2 Nxe2 14. Qxe2 d4
15. Bd2 e5 16. O-O-O a5 17. Rdf1 a4 18. Nh2 a3 19. b3 Qd6 20. g4 Na7 21. Qe1
Nb5 22. g5 Rxf1 23. Rxf1 Rf8 24. Rxf8+ Bxf8 25. Ng4 Na7 26. Qg3 Nc6 27. Qe1 Qc5
28. h4 Nb4 29. Bxb4 Qxb4 30. Qxb4 Bxb4 31. Nxe5 Be1 32. Nf3 Bf2 33. Kd2 Kf7 34.
Ke2 Be3 35. Ne5+ Ke6 36. Ng4 Bf4 37. Kf3 Bd6 38. Nf2 Ke5 39. Nh1 g6 40. Nf2 1-0

[Event "Open 13 2011/2012"]
[Site "Vitrolles"]
[Date "2011.12.17"]
[Round "4"]
[White "Vialette, Eric"]
[Black "Joubert, Leo"]
[Result "1/2-1/2"]
[WhiteElo "1710"]
[BlackElo "1744"]
[PlyCount "69"]
[EventDate "2011.??.??"]

1. e4 e5 2. Nc3 Nf6 3. f4 d5 4. fxe5 Nxe4 5. Nf3 Be7 6. g3 Bg4 7. d3 Ng5 8. Be2
Nxf3+ 9. Bxf3 Bxf3 10. Qxf3 c6 11. Qg4 Bf8 12. Bg5 h5 13. Qf4 Be7 14. Rf1 Rf8
15. Bxe7 Qxe7 16. O-O-O Na6 17. d4 Nc7 18. Ne2 Ne6 19. Qf3 Qg5+ 20. Kb1 O-O-O
21. Nf4 Nxf4 22. h4 Qf5 23. Qxf4 Qxf4 24. Rxf4 f5 25. exf6 Rxf6 26. Rxf6 gxf6
27. Rf1 Rg8 28. Rf3 Kd7 29. Kc1 Ke6 30. Kd2 Rg4 31. c3 Re4 32. b4 b5 33. Rf2
Rg4 34. Rf3 f5 35. Re3+ 1/2-1/2

[Event "Open 13 2011/2012"]
[Site "Vitrolles"]
[Date "2011.12.17"]
[Round "4"]
[White "Parroco, Pierre-Jean"]
[Black "Flores, Antonio"]
[Result "1-0"]
[WhiteElo "1693"]
[BlackElo "1640"]
[PlyCount "75"]

1. e4 d6 2. d4 Nf6 3. Bd3 g6 4. h3 Bg7 5. Ne2 Nbd7 6. Be3 c6 7. Qd2 h6 8. f4 b5
9. a3 a6 10. Nbc3 Bb7 11. e5 dxe5 12. fxe5 Nh7 13. Bxh6 Bxh6 14. Qxh6 Qa5 15.
b4 Qc7 16. Rg1 O-O-O 17. Qe3 Nb6 18. Ng3 Nd5 19. Nxd5 cxd5 20. Ne2 Nf8 21. Nc1
Ne6 22. Nb3 f5 23. Qd2 Rh4 24. c3 Rdh8 25. Nc5 Nf4 26. O-O-O Nxd3+ 27. Qxd3 Qc6
28. Kb2 e6 29. Ra1 R8h7 30. a4 Rf4 31. axb5 axb5 32. Qg3 Rfh4 33. Ra7 R4h6 34.
Rga1 Rc7 35. Qg5 Rhh7 36. Qxg6 Rhg7 37. Qe8+ Qxe8 38. Ra8+ 1-0

[Event "Open 13 2011/2012"]
[Site "Vitrolles"]
[Date "2012.01.07"]
[Round "5"]
[White "Madranges, Jean"]
[Black "Jean, Nicolas"]
[Result "1-0"]
[WhiteElo "1832"]
[BlackElo "1814"]
[PlyCount "137"]

1. e4 e5 2. Bc4 Nf6 3. Nc3 Bc5 4. d3 Nc6 5. f4 d6 6. Nf3 a6 7. f5 h6 8. Qe2 Bd7
9. Be3 Nd4 10. Bxd4 exd4 11. Nd5 O-O 12. Nxf6+ Qxf6 13. O-O c6 14. Kh1 Rfe8 15.
Qd2 a5 16. a3 Re7 17. b4 Bb6 18. Qf4 Bc7 19. Qh4 Qxh4 20. Nxh4 d5 21. exd5 cxd5
22. Bxd5 Bc6 23. Bxc6 bxc6 24. f6 Re2 25. fxg7 Rxc2 26. Nf5 Be5 27. Nxh6+ Kxg7
28. Nxf7 Bf6 29. Nd6 Rh8 30. h3 Be5 31. Nf7 Rh5 32. Nxe5 Rxe5 33. Rac1 Rb2 34.
bxa5 Ree2 35. Rg1 Ra2 36. Rxc6 Rxa3 37. Rb1 Re7 38. a6 Rxd3 39. Rb7 Rxb7 40.
axb7 Rb3 41. Rd6 Rxb7 42. Rxd4 Kg6 43. Rd5 Rb3 44. Kh2 Rb4 45. Kg3 Ra4 46. h4
Ra3+ 47. Kh2 Rb3 48. g3 Rb4 49. Kh3 Ra4 50. h5+ Kh6 51. g4 Rb4 52. Kh4 Ra4 53.
Rd6+ Kg7 54. h6+ Kh7 55. Kh5 Ra5+ 56. g5 Rb5 57. Rd7+ Kg8 58. Rd6 Kh7 59. Rf6
Ra5 60. Rf7+ Kg8 61. Re7 Rb5 62. Kg6 Rb6+ 63. Kf5 Ra6 64. g6 Ra5+ 65. Kf6 Ra8
66. g7 Rb8 67. Re6 Kh7 68. Kf7 Rf8+ 69. gxf8=N+ 1-0

[Event "Open 13 2011/2012"]
[Site "Vitrolles"]
[Date "2012.01.07"]
[Round "5"]
[White "Panagiotopoulos, Christos"]
[Black "Dudognon, Thibault"]
[Result "0-1"]
[WhiteElo "1810"]
[BlackElo "1789"]
[PlyCount "116"]

1. e4 c5 2. Nc3 Nc6 3. f4 g6 4. Nf3 Bg7 5. Bb5 Nd4 6. O-O e6 7. f5 a6 8. fxe6
fxe6 9. Be2 Nh6 10. Nxd4 cxd4 11. Nb1 Nf7 12. d3 O-O 13. Nd2 b5 14. b3 Bb7 15.
Ba3 d6 16. Bg4 e5 17. Be6 Qe7 18. Bxf7+ Rxf7 19. Rxf7 Kxf7 20. Qe2 Kg8 21. Rf1
Rc8 22. Nf3 Qc7 23. Ne1 a5 24. Bc1 d5 25. exd5 Bxd5 26. Bg5 Qb6 27. Qg4 Be6 28.
Qh4 Bd5 29. Bf6 Bxf6 30. Qxf6 Qxf6 31. Rxf6 Rc6 32. Rxc6 Bxc6 33. Kf2 Kf7 34.
Nf3 Kf6 35. h4 h6 36. g4 Ke6 37. Kg3 Bxf3 38. Kxf3 h5 39. gxh5 gxh5 40. Kg3 Kf5
41. a4 bxa4 42. bxa4 e4 43. dxe4+ Kxe4 44. Kf2 Kf4 45. Ke2 Kg4 46. Kd3 Kxh4 47.
Kxd4 Kg5 48. c4 h4 49. c5 Kf6 50. Ke4 h3 51. Kf3 Ke5 52. c6 Kd6 53. Kg3 Kxc6
54. Kxh3 Kc5 55. Kg3 Kb4 56. Kf3 Kxa4 57. Ke2 Kb3 58. Kd2 Kb2 0-1

[Event "Open 13 2011/2012"]
[Site "Vitrolles"]
[Date "2012.01.07"]
[Round "5"]
[White "Cescon, Moreno"]
[Black "Saada, Claude"]
[Result "1-0"]
[WhiteElo "1820"]
[BlackElo "1833"]
[PlyCount "107"]

1. e4 c5 2. b3 d6 3. Bb2 Nc6 4. Nf3 e6 5. Nc3 Nf6 6. Be2 Be7 7. h3 Qc7 8. d3 a6
9. Qd2 Bd7 10. Rd1 Rc8 11. O-O O-O 12. Nh2 Nd4 13. Bg4 b5 14. Rc1 h6 15. Ne2 e5
16. Bxd7 Nxd7 17. f4 Nxe2+ 18. Qxe2 exf4 19. Rxf4 Bg5 20. Rg4 Ne5 21. Bxe5 dxe5
22. Rf1 Qd6 23. Nf3 Bf4 24. g3 h5 25. Rh4 Qg6 26. g4 hxg4 27. Rxg4 Qh6 28. Qg2
Rc6 29. Nh4 g6 30. Nf5 Qh8 31. Ne7+ Kg7 32. Nxc6 Re8 33. h4 Re6 34. Nxe5 Bxe5
35. Qh3 Kf8 36. Rg5 Ke7 37. h5 Bf6 38. Rxf6 Qxf6 39. Qe3 Re5 40. Rxe5+ Qxe5 41.
h6 Qh5 42. h7 Kf8 43. h8=Q+ Qxh8 44. Qxc5+ Kg7 45. Qd4+ Kh7 46. Qxh8+ Kxh8 47.
c4 bxc4 48. bxc4 Kg8 49. Kf2 Kf8 50. Ke3 Ke7 51. Kf4 f6 52. e5 Ke6 53. exf6
Kxf6 54. d4 1-0

[Event "Open 13 2011/2012"]
[Site "Vitrolles"]
[Date "2012.01.07"]
[Round "5"]
[White "Beraud, Robert"]
[Black "Savalle, Mathilde"]
[Result "1-0"]
[WhiteElo "1810"]
[BlackElo "1677"]
[PlyCount "61"]

1. e4 c5 2. Nc3 Nc6 3. g3 d6 4. Bg2 Nf6 5. d3 g6 6. f4 Bg7 7. Nf3 O-O 8. O-O
Nh5 9. f5 e6 10. g4 Nf6 11. g5 Nd7 12. f6 Bh8 13. h4 h5 14. Nh2 Nde5 15. Ne2
Qb6 16. Kh1 Rd8 17. Nf4 Qc7 18. Nxh5 gxh5 19. Qxh5 Qd7 20. Bh3 Qe8 21. Ng4 Nxg4
22. Bxg4 Ne5 23. Be2 Qf8 24. c3 Ng6 25. Qg4 e5 26. Qg3 Be6 27. h5 Nf4 28. Bxf4
exf4 29. Rxf4 d5 30. e5 Rac8 31. Rg1 1-0

[Event "Open 13 2011/2012"]
[Site "Vitrolles"]
[Date "2012.01.07"]
[Round "5"]
[White "Nari, Alain"]
[Black "Bertrand, Alexandre"]
[Result "1/2-1/2"]
[WhiteElo "1730"]
[BlackElo "1661"]
[PlyCount "123"]

1. e4 c5 2. Nc3 d6 3. f4 Nc6 4. Bc4 Nf6 5. d3 e6 6. Nf3 Be7 7. O-O O-O 8. a3 d5
9. Bb3 dxe4 10. Nxe4 Nxe4 11. dxe4 Nd4 12. Nxd4 Qxd4+ 13. Qxd4 cxd4 14. e5 Rd8
15. Bc4 Bd7 16. Bd2 Bc6 17. Bb4 Bxb4 18. axb4 Be4 19. Rf2 Rac8 20. b3 a6 21.
Rd1 b5 22. Bd3 Bxd3 23. Rxd3 Kf8 24. Rfd2 Ke7 25. Kf2 Rd5 26. Kf3 f5 27. exf6+
gxf6 28. g4 h6 29. Ke4 h5 30. h3 hxg4 31. hxg4 Rg8 32. Rg2 f5+ 33. Kf3 Rxg4 34.
Rxg4 fxg4+ 35. Kxg4 Kf6 36. Rd2 Kg6 37. Kf3 Kf5 38. Rg2 Rd6 39. Rg4 Kf6 40. Ke4
Rd7 41. Rg2 d3 42. cxd3 Rc7 43. Rb2 Rc1 44. Kd4 Kf5 45. Ra2 Rb1 46. Kc3 Rc1+
47. Kd2 Rc6 48. Ke3 Rc3 49. Ra3 Rc6 50. Ra2 Rc3 51. Rb2 Rc1 52. Kd4 Kxf4 53.
Rf2+ Kg5 54. Ra2 Rc6 55. Ke5 Kg6 56. Rf2 Rc3 57. Rf6+ Kg7 58. Rxe6 Rxd3 59.
Rxa6 Rxb3 60. Rb6 Rxb4 61. Kd5 Rb1 62. Kc5 1/2-1/2

[Event "Open 13 2011/2012"]
[Site "Vitrolles"]
[Date "2012.01.07"]
[Round "5"]
[White "Girard, Jean-Pierre"]
[Black "Giraud, Sylvain"]
[Result "1/2-1/2"]
[WhiteElo "1875"]
[BlackElo "1810"]
[PlyCount "118"]

1. e4 Nf6 2. e5 Nd5 3. d4 d6 4. c4 Nb6 5. exd6 exd6 6. Nc3 Nc6 7. Nf3 Be7 8.
Be3 Bf5 9. Be2 O-O 10. Rc1 Bf6 11. O-O Re8 12. h3 Ne7 13. Bf4 Ng6 14. Bg3 a5
15. Re1 c6 16. Bf1 Rxe1 17. Qxe1 d5 18. cxd5 Nxd5 19. Nxd5 Qxd5 20. Rc5 Qe6 21.
Rxa5 Rxa5 22. Qxa5 h6 23. Ne5 Nxe5 24. Bxe5 Bxe5 25. Qxe5 Qxe5 26. dxe5 Be6 27.
a3 g5 28. Bd3 c5 29. Be4 b6 30. Kf1 Kf8 31. Ke2 Ke7 32. Ke3 f6 33. exf6+ Kxf6
34. f4 Bc4 35. g3 Bf1 36. h4 gxh4 37. gxh4 Bb5 38. Kd2 Bd7 39. Kc3 Bb5 40. b3
Ba6 41. a4 Bc8 42. Kc4 Be6+ 43. Bd5 Bd7 44. a5 bxa5 45. Kxc5 a4 46. bxa4 Bxa4
47. Be4 Bd7 48. Kd5 Be6+ 49. Kd4 Bd7 50. Ke3 Bg4 51. Bf3 Be6 52. Kf2 Bf7 53.
Bg4 Bd5 54. Ke3 Bf7 55. Kd4 Bg8 56. f5 Bf7 57. Ke4 Be8 58. Kf4 Bf7 59. Be2 Be8
1/2-1/2

[Event "Open 13 2011/2012"]
[Site "Vitrolles"]
[Date "2012.01.07"]
[Round "5"]
[White "Figier, Anthony"]
[Black "Faure, Alexandre"]
[Result "0-1"]
[WhiteElo "1803"]
[BlackElo "1756"]
[PlyCount "142"]
[EventDate "2012.??.??"]

1. e4 e5 2. Nf3 Nc6 3. d4 exd4 4. Nxd4 Qh4 5. Nc3 Bb4 6. Ndb5 Qxe4+ 7. Be3 Qe5
8. Qe2 Ba5 9. f4 Qe7 10. O-O-O Nf6 11. Qf3 O-O 12. Bd4 Nxd4 13. Nxd4 d6 14. h3
Re8 15. Nd5 Nxd5 16. Qxd5 Bb6 17. Bb5 Qe4 18. Rhe1 Qxf4+ 19. Kb1 Re5 20. Nf3
Rxe1 21. Rxe1 Be6 22. Qxb7 Rd8 23. Qc6 h6 24. Bd3 Rb8 25. Qb5 a5 26. a3 Qf6 27.
c3 c5 28. Bc2 g6 29. Ka1 Kg7 30. Nd2 Qf2 31. Qe2 Qxe2 32. Rxe2 d5 33. Nf3 Rc8
34. Ne5 d4 35. g4 Kf6 36. Nf3 Bc4 37. Rf2 Kg7 38. Ne5 Be6 39. Re2 Rd8 40. Nc6
Rd6 41. Be4 d3 42. Rd2 c4 43. Ne5 Be3 44. Rd1 Bf4 45. Nf3 h5 46. Nd4 Bd7 47.
Bf3 hxg4 48. hxg4 Be5 49. b3 Bxd4 50. cxd4 Be6 51. bxc4 Bxc4 52. Kb2 Rxd4 53.
Kc3 Rf4 54. Rd2 Ba6 55. Bd1 Kf6 56. Rb2 Kg5 57. Rb6 Rf6 58. Rb8 Rf1 59. Kd2 Rf6
60. a4 Re6 61. Rb3 Re4 62. Kc3 Kf4 63. Rb6 Re6 64. Rb2 f5 65. gxf5 gxf5 66.
Rf2+ Ke4 67. Kd2 f4 68. Rf1 Rh6 69. Rf2 Rb6 70. Bf3+ Kd4 71. Rf1 Rb2+ 0-1

[Event "Open 13 2011/2012"]
[Site "Vitrolles"]
[Date "2012.01.07"]
[Round "5"]
[White "Mosse, Laurent"]
[Black "Del Vecchio, Alain"]
[Result "0-1"]
[WhiteElo "1792"]
[BlackElo "1762"]
[PlyCount "92"]

1. e4 c5 2. Nf3 e6 3. d4 cxd4 4. Nxd4 a6 5. Be3 Qc7 6. a3 Nf6 7. Nc3 b5 8. Bd3
Bb7 9. O-O Bc5 10. f3 Qb6 11. Nce2 e5 12. c3 exd4 13. cxd4 Be7 14. Qd2 O-O 15.
Rac1 d5 16. e5 Nfd7 17. Nf4 a5 18. Rfe1 Na6 19. Qc2 g6 20. Qb3 Nc7 21. Bf2 Bg5
22. g3 a4 23. Qa2 Ne6 24. Nxe6 fxe6 25. f4 Be7 26. Qb1 Kg7 27. h4 Rfc8 28. h5
Nf8 29. hxg6 hxg6 30. g4 Rxc1 31. Rxc1 Rc8 32. Rxc8 Bxc8 33. Qf1 b4 34. axb4
Qxb4 35. Qc1 Bd7 36. Be3 Bb5 37. Bb1 Qc4 38. Qd1 Qe2 39. Qxe2 Bxe2 40. g5 Bb4
41. Kf2 Bb5 42. Bc1 Nd7 43. Ke3 Nb6 44. Ba2 Nc4+ 45. Bxc4 Bxc4 46. Kf2 Kf7 0-1

[Event "Open 13 2011/2012"]
[Site "Vitrolles"]
[Date "2012.01.07"]
[Round "5"]
[White "Danielian, Kevin"]
[Black "Derien, Robert"]
[Result "1-0"]
[WhiteElo "1566"]
[BlackElo "1743"]
[PlyCount "121"]

1. d4 Nf6 2. c4 e5 3. dxe5 Ng4 4. Nf3 Bc5 5. e3 Nc6 6. Be2 Ngxe5 7. Nxe5 Nxe5
8. O-O O-O 9. b3 d6 10. Bb2 Qe7 11. Nc3 c6 12. Na4 Bb4 13. Qd4 c5 14. Qd1 Bd7
15. Nc3 Bxc3 16. Bxc3 Bc6 17. Kh1 Qg5 18. Rg1 Qg6 19. Bf3 Be4 20. Bxe4 Qxe4 21.
Qxd6 Nd3 22. Qg3 Qg4 23. Rgf1 Qxg3 24. hxg3 Rad8 25. Kg1 Rd6 26. Rad1 Rfd8 27.
Rd2 Nb4 28. Rxd6 Rxd6 29. Bxb4 cxb4 30. Ra1 Rd3 31. Kf1 Kf8 32. Ke2 Rc3 33. Rd1
Ke7 34. Rd2 a6 35. Kf3 b5 36. cxb5 axb5 37. Rd4 Rc2 38. Rxb4 Rxa2 39. Rxb5 g6
40. Rb8 h5 41. b4 g5 42. g4 hxg4+ 43. Kxg4 Rxf2 44. g3 f6 45. b5 Kd7 46. b6 Kc6
47. e4 Rf1 48. Rf8 Kxb6 49. e5 Kc7 50. Rxf6 Re1 51. Rf5 Kd7 52. Kxg5 Ke6 53. g4
Rg1 54. Kh5 Rh1+ 55. Kg6 Rg1 56. g5 Rh1 57. Rf6+ Kxe5 58. Kg7 Rg1 59. g6 Rh1
60. Kf7 Rh6 61. Rf2 1-0

[Event "Open 13 2011/2012"]
[Site "Vitrolles"]
[Date "2012.01.07"]
[Round "5"]
[White "Urcun, Gael"]
[Black "Charvein, Gabriel"]
[Result "0-1"]
[WhiteElo "1700"]
[BlackElo "1736"]
[PlyCount "48"]

1. e4 d5 2. exd5 Qxd5 3. Nc3 Qa5 4. d4 Nf6 5. Nf3 Bf5 6. Bd2 c6 7. Bc4 Qc7 8.
O-O e6 9. Re1 Be7 10. Bb3 h6 11. Qe2 O-O 12. h3 Nbd7 13. Nh4 Bh7 14. g4 Bd6 15.
g5 hxg5 16. Bxg5 Bf4 17. Bxf6 Nxf6 18. Kh1 Rad8 19. Rad1 Bh6 20. Rg1 Qf4 21.
Nf3 Qf5 22. Kg2 Nh5 23. Qe5 Nf4+ 24. Kh1 Qxh3+ 0-1

[Event "Open 13 2011/2012"]
[Site "Vitrolles"]
[Date "2012.01.07"]
[Round "5"]
[White "Joubert, Leo"]
[Black "Tchifteyan, Philippe"]
[Result "1/2-1/2"]
[WhiteElo "1722"]
[BlackElo "1661"]
[PlyCount "118"]

1. d4 d5 2. c4 c6 3. cxd5 cxd5 4. Nc3 Nf6 5. Bf4 a6 6. Rc1 Nc6 7. e3 Bf5 8. Nf3
h6 9. Be2 e6 10. O-O Bd6 11. Bxd6 Qxd6 12. Na4 O-O 13. Nc5 Rab8 14. Qa4 Rfe8
15. Nxb7 Rxb7 16. Rxc6 Qb4 17. Qxb4 Rxb4 18. b3 a5 19. Ra6 a4 20. Rxa4 Rxa4 21.
bxa4 Ra8 22. Bb5 Bc2 23. a3 Bxa4 24. Bxa4 Rxa4 25. Ra1 Nd7 26. Ne1 Nb6 27. Kf1
Nc4 28. Nc2 h5 29. Ke2 g5 30. Kd3 f5 31. Kc3 h4 32. Kb3 Ra7 33. a4 g4 34. Na3
Nd2+ 35. Kb4 Ne4 36. Ra2 h3 37. g3 Ng5 38. f4 gxf3 39. Rf2 Kf7 40. Nb5 Ra8 41.
Nc3 Ke7 42. Ka3 Kd7 43. Nb1 Rc8 44. Kb2 Rc4 45. Nd2 Ne4 46. Nxc4 Nxf2 47. Ne5+
Kc7 48. Nxf3 Nd1+ 49. Kb3 Nxe3 50. Kb4 Kb6 51. Kc3 Ka5 52. Kd3 Ng4 53. Ke2 Kxa4
54. Ng5 Kb5 55. Nxh3 Nxh2 56. Ng5 Ng4 57. Nxe6 Kc4 58. Kf3 Nh2+ 59. Kf4 Nf1
1/2-1/2

[Event "Open 13 2011/2012"]
[Site "Vitrolles"]
[Date "2012.01.07"]
[Round "5"]
[White "Israel, Daniel"]
[Black "Parroco, Pierre-Jean"]
[Result "1/2-1/2"]
[WhiteElo "1828"]
[BlackElo "1696"]
[PlyCount "88"]

1. d4 d5 2. c4 dxc4 3. Nc3 Nf6 4. e4 e5 5. d5 Bd6 6. Bxc4 a6 7. a3 O-O 8. Nf3
b5 9. Ba2 c5 10. dxc6 Nxc6 11. b4 Bb7 12. O-O Nd4 13. Bg5 h6 14. Bxf6 Qxf6 15.
Nd2 Rad8 16. Nd5 Bxd5 17. Bxd5 Bb8 18. Nb3 Nxb3 19. Qxb3 Ba7 20. Rac1 Rc8 21.
Rc3 Rxc3 22. Qxc3 Bd4 23. Qc2 Rd8 24. Kh1 Kh7 25. f3 Qf4 26. Qc7 Rf8 27. Qd6
Rc8 28. Bc6 Qf6 29. Qxf6 gxf6 30. Bb7 Rc7 31. Bxa6 Bb2 32. Bxb5 Bxa3 33. h4
Bxb4 34. h5 Bd2 35. Kh2 Be3 36. Kh3 Rc1 37. Rxc1 Bxc1 38. g3 Kg7 39. Kg4 Bd2
40. Bc4 Bc1 41. f4 Bb2 42. Kf3 Bc3 43. Ke2 Bd4 44. f5 Kf8 1/2-1/2

[Event "Open 13 2011/2012"]
[Site "Vitrolles"]
[Date "2012.01.07"]
[Round "5"]
[White "Jullien, Patrick"]
[Black "Vialette, Eric"]
[Result "1-0"]
[WhiteElo "1666"]
[BlackElo "1740"]
[PlyCount "67"]

1. e4 d5 2. exd5 Nf6 3. d4 Nxd5 4. c4 Nb6 5. Nf3 Bg4 6. Be2 e6 7. O-O Be7 8.
Nc3 O-O 9. b3 c6 10. Bf4 N8d7 11. Qd2 h6 12. Rad1 Nf6 13. Ne5 Bf5 14. Rfe1 Bb4
15. Qe3 Qe7 16. g4 Bc2 17. Rc1 Bh7 18. g5 hxg5 19. Bxg5 Qe8 20. Bxf6 gxf6 21.
Ng4 Nd7 22. Bd3 Bg6 23. Kh1 f5 24. Ne5 Nxe5 25. dxe5 Rd8 26. Bb1 b6 27. Rg1 Bc5
28. Qh6 Bd4 29. h4 Bxe5 30. h5 Bg7 31. Qg5 c5 32. hxg6 Qc6+ 33. Qg2 fxg6 34.
Qxc6 1-0

[Event "Open 13 2011/2012"]
[Site "Vitrolles"]
[Date "2012.01.07"]
[Round "5"]
[White "Flores, Antonio"]
[Black "Estevez, Ange"]
[Result "1/2-1/2"]
[WhiteElo "1640"]
[BlackElo "1624"]
[PlyCount "46"]

1. d4 e5 2. dxe5 Nc6 3. Nf3 h6 4. e3 g5 5. Bb5 Bg7 6. Bxc6 bxc6 7. e6 fxe6 8.
Nd4 Nf6 9. Nc3 c5 10. Nf3 d6 11. Qd3 Qe7 12. O-O a5 13. Re1 Ba6 14. Qd1 Bb7 15.
e4 e5 16. Nd5 Nxd5 17. exd5 O-O 18. c4 Qf7 19. Re4 Bc8 20. g4 Qxf3 21. Qxf3
Rxf3 22. Kg2 Rd3 23. Be3 Bb7 1/2-1/2

[Event "Open 13 2011/2012"]
[Site "Vitrolles"]
[Date "2012.01.28"]
[Round "6"]
[White "Dudognon, Thibault"]
[Black "Madranges, Jean"]
[Result "1-0"]
[WhiteElo "1789"]
[BlackElo "1832"]
[PlyCount "71"]

1. e4 c5 2. Nf3 Nc6 3. d4 cxd4 4. Nxd4 e5 5. Nb5 a6 6. Nd6+ Bxd6 7. Qxd6 Qf6 8.
Qxf6 Nxf6 9. Nc3 Nb4 10. Bd3 h6 11. a3 Nxd3+ 12. cxd3 d6 13. Be3 O-O 14. Rc1
Be6 15. d4 Ng4 16. d5 Nxe3 17. fxe3 Bd7 18. Kd2 Rfc8 19. Ne2 Bb5 20. Ng3 g6 21.
b3 b6 22. Rxc8+ Rxc8 23. Rc1 Rxc1 24. Kxc1 h5 25. h4 Kg7 26. Kb2 Kf6 27. a4 Bd7
28. Nf1 g5 29. g3 gxh4 30. gxh4 Bh3 31. Nd2 Bg2 32. Nc4 Bxe4 33. Nxb6 Kf5 34.
b4 Kg4 35. b5 axb5 36. a5 1-0

[Event "Open 13 2011/2012"]
[Site "Vitrolles"]
[Date "2012.01.28"]
[Round "6"]
[White "Jean, Nicolas"]
[Black "Montanelli, Tristan"]
[Result "1-0"]
[WhiteElo "1814"]
[BlackElo "1695"]
[PlyCount "119"]

1. e4 c5 2. Nf3 Nc6 3. Bb5 a6 4. Bxc6 dxc6 5. O-O Bg4 6. b3 e5 7. d3 Bd6 8. Bb2
Qf6 9. Nbd2 b5 10. Qe1 Qe6 11. Qe3 f6 12. h3 Bh5 13. Nh4 Ne7 14. Ba3 b4 15. Bb2
g5 16. Nf5 Nxf5 17. exf5 Qe7 18. Ne4 Bf7 19. Rfe1 O-O 20. a3 a5 21. Ra2 Bd5 22.
Rea1 Bxe4 23. Qxe4 Qc7 24. axb4 cxb4 25. d4 Rfe8 26. d5 c5 27. h4 h6 28. Qg4
Re7 29. Qh5 gxh4 30. Qxh4 Rf7 31. Qxh6 Qd8 32. g3 Rh7 33. Qg6+ Rg7 34. Qh5 Rh7
35. Qg4+ Rg7 36. Qe4 Bc7 37. Kg2 Qd6 38. Rh1 Rd8 39. Rd1 Rdd7 40. Raa1 Rg5 41.
Rd3 Rdg7 42. f4 Rg4 43. fxe5 fxe5 44. Qe2 R7g5 45. Bc1 Rg7 46. Bb2 Qf6 47. d6
Bxd6 48. Rxa5 Qxf5 49. Ra6 Qf4 50. Qe1 Bc7 51. Bc1 Qf5 52. Ra8+ Kh7 53. Qh1+
Kg6 54. Qh6+ Kf7 55. Ra7 Qe4+ 56. Kf2 Kg8 57. Rxc7 Rxc7 58. Rd8+ Kf7 59. Rf8+
Ke7 60. Qf6+ 1-0

[Event "Open 13 2011/2012"]
[Site "Vitrolles"]
[Date "2012.01.28"]
[Round "6"]
[White "Bertrand, Alexandre"]
[Black "Cescon, Moreno"]
[Result "1/2-1/2"]
[WhiteElo "1661"]
[BlackElo "1820"]
[PlyCount "133"]

1. d4 d5 2. Nf3 Nf6 3. c4 c6 4. e3 Bf5 5. Nc3 Nbd7 6. Qb3 b6 7. cxd5 cxd5 8.
Nxd5 Be6 9. Nxf6+ Nxf6 10. Qa4+ Bd7 11. Bb5 a6 12. Bxd7+ Nxd7 13. Bd2 b5 14.
Qb3 e6 15. Bb4 Be7 16. Bxe7 Qxe7 17. Rc1 O-O 18. O-O Nb6 19. Ne5 Rac8 20. Rc6
Rxc6 21. Nxc6 Qd6 22. Ne5 Rc8 23. Nd3 h6 24. Nc5 Nc4 25. Qb4 e5 26. b3 exd4 27.
bxc4 Qxc5 28. Qxc5 Rxc5 29. cxb5 Rxb5 30. exd4 Rb2 31. Rd1 Rxa2 32. d5 Kf8 33.
g3 a5 34. d6 Ke8 35. Re1+ Kd7 36. Re7+ Kxd6 37. Rxf7 Re2 38. Ra7 Re5 39. Rxg7
Re7 40. Rg6+ Re6 41. Rg8 Kc5 42. Rc8+ Kb4 43. Rb8+ Kc5 44. Ra8 Kb5 45. Kf1 a4
46. f4 Ra6 47. Rb8+ Kc4 48. Rc8+ Kd4 49. Rd8+ Ke3 50. Re8+ Kf3 51. Re1 a3 52.
Ra1 a2 53. Ke1 Re6+ 54. Kd2 Re2+ 55. Kd3 Rxh2 56. f5 Kxg3 57. Ke3 Kg4 58. f6
Rh3+ 59. Ke4 Rh2 60. Rf1 Re2+ 61. Kd5 Rf2 62. Rg1+ Kh3 63. Ke6 Re2+ 64. Kd7 Kh2
65. Ra1 Rd2+ 66. Ke6 Re2+ 67. Kd7 1/2-1/2

[Event "Open 13 2011/2012"]
[Site "Vitrolles"]
[Date "2012.01.28"]
[Round "6"]
[White "Saada, Claude"]
[Black "Beraud, Robert"]
[Result "1-0"]
[WhiteElo "1833"]
[BlackElo "1810"]
[PlyCount "139"]

1. d4 Nf6 2. c4 g6 3. Nc3 Bg7 4. e4 d6 5. f3 O-O 6. Bd3 c5 7. Nge2 cxd4 8. Nxd4
Nc6 9. Nxc6 bxc6 10. O-O Nd7 11. Be3 Ne5 12. Be2 Be6 13. Qa4 Bd7 14. Qc2 c5 15.
Rfd1 Qa5 16. Nd5 Nc6 17. Bd2 Bd4+ 18. Kh1 Qd8 19. Bh6 Re8 20. Qd2 Rb8 21. Rab1
e6 22. Nc3 a6 23. Bd3 Qf6 24. Bg5 Qg7 25. Bh6 Qf6 26. Bg5 Qh8 27. Qf4 Qe5 28.
Qh4 Qg7 29. Bh6 Qh8 30. Bg5 h5 31. Qg3 Be5 32. f4 f6 33. fxe5 fxg5 34. Qxg5
Nxe5 35. Be2 Rb6 36. Rd2 Qg7 37. Rbd1 Nf7 38. Qg3 Bc8 39. b3 Rd8 40. Na4 Rc6
41. Bf3 Ne5 42. Qh4 Rd7 43. Qh3 Qf6 44. Rf1 Nxf3 45. Qxf3 Qxf3 46. Rxf3 Rf7 47.
Rdf2 Rxf3 48. Rxf3 Kg7 49. Kg1 Bb7 50. Nc3 Rc7 51. Rd3 Rd7 52. Kf2 Kf6 53. Rf3+
Kg7 54. Ke3 Rf7 55. h4 Rxf3+ 56. Kxf3 Kf6 57. Kf4 Bc6 58. g3 Bd7 59. a3 e5+ 60.
Ke3 Be6 61. Na4 Bg4 62. b4 cxb4 63. axb4 Bd1 64. Nc3 Bg4 65. Nd5+ Ke6 66. Nc7+
Kd7 67. Nxa6 Kc6 68. b5+ Kb6 69. Kd3 Bd7 70. Nb4 1-0

[Event "Open 13 2011/2012"]
[Site "Vitrolles"]
[Date "2012.01.28"]
[Round "6"]
[White "Giraud, Sylvain"]
[Black "Danielian, Kevin"]
[Result "1/2-1/2"]
[WhiteElo "1810"]
[BlackElo "1566"]
[PlyCount "86"]

1. e4 e6 2. d4 d5 3. Nd2 c5 4. exd5 Qxd5 5. Ngf3 Nc6 6. Bc4 Qd8 7. O-O cxd4 8.
Nb3 Nf6 9. Nbxd4 Nxd4 10. Nxd4 Be7 11. Re1 O-O 12. Bb3 Bd7 13. Qf3 Bc5 14. Be3
Qb6 15. c3 Rfd8 16. h3 Rac8 17. Rad1 Be8 18. Bg5 Bxd4 19. cxd4 Bc6 20. d5 Bxd5
21. Bxd5 exd5 22. Bxf6 Qxf6 23. Qxf6 gxf6 24. Re7 b6 25. Rxa7 Rc2 26. Re1 Rxb2
27. Ree7 Rf8 28. Red7 Rd2 29. a4 Rd4 30. Rd6 Rb8 31. Rxf6 b5 32. axb5 Rxb5 33.
Rfxf7 Rb1+ 34. Kh2 Rd2 35. Rg7+ Kf8 36. Rxh7 Kg8 37. Rag7+ Kf8 38. Rd7 Kg8 39.
Rhf7 d4 40. h4 d3 41. h5 Rdd1 42. Rh7 Rh1+ 43. Kg3 d2 1/2-1/2

[Event "Open 13 2011/2012"]
[Site "Vitrolles"]
[Date "2012.01.28"]
[Round "6"]
[White "Del Vecchio, Alain"]
[Black "Nari, Alain"]
[Result "1-0"]
[WhiteElo "1762"]
[BlackElo "1730"]
[PlyCount "35"]

1. e4 c5 2. Nf3 a6 3. c3 Nf6 4. e5 Nd5 5. d4 cxd4 6. cxd4 e6 7. Nc3 Bb4 8. Bd2
Nxc3 9. bxc3 Be7 10. Bd3 Nc6 11. O-O d6 12. exd6 Bxd6 13. Re1 O-O 14. Bxh7+
Kxh7 15. Ng5+ Kg8 16. Qh5 Re8 17. Qxf7+ Kh8 18. Re4 1-0

[Event "Open 13 2011/2012"]
[Site "Vitrolles"]
[Date "2012.01.28"]
[Round "6"]
[White "Faure, Alexandre"]
[Black "Girard, Jean-Pierre"]
[Result "1-0"]
[WhiteElo "1756"]
[BlackElo "1875"]
[PlyCount "39"]

1. e4 c5 2. c3 Nf6 3. e5 Nd5 4. d4 cxd4 5. Nf3 d3 6. Bxd3 e6 7. O-O d6 8. Re1
Be7 9. a3 Nc6 10. c4 Nb6 11. exd6 Qxd6 12. Nc3 Qd8 13. Bf4 a6 14. Qe2 Nd7 15.
Rad1 O-O 16. b4 Bf6 17. Ne4 Be7 18. Nc3 Re8 19. c5 b5 20. Qe4 1-0

[Event "Open 13 2011/2012"]
[Site "Vitrolles"]
[Date "2012.01.28"]
[Round "6"]
[White "Savalle, Mathilde"]
[Black "Panagiotopoulos, Christos"]
[Result "0-1"]
[WhiteElo "1677"]
[BlackElo "1810"]
[PlyCount "74"]

1. e4 c5 2. Nf3 g6 3. d4 cxd4 4. Nxd4 Nc6 5. c4 Bg7 6. Be3 Nf6 7. Nc3 O-O 8.
Be2 d6 9. O-O Nxd4 10. Bxd4 Qa5 11. f4 a6 12. Kh1 b5 13. cxb5 axb5 14. Nd5 Nxd5
15. Bxg7 Kxg7 16. Qxd5 b4 17. g4 Qxd5 18. exd5 Ra5 19. Rfd1 Bb7 20. Bc4 Rc8 21.
Bb3 e6 22. Rd4 Bxd5+ 23. Bxd5 Rxd5 24. Rxb4 Rc2 25. a4 Rdd2 26. Rb1 Rxh2+ 27.
Kg1 Rcg2+ 28. Kf1 Rxg4 29. Re1 Rgg2 30. Rb1 Rf2+ 31. Kg1 Rfg2+ 32. Kf1 Rg4 33.
Re1 Rc2 34. a5 Rgg2 35. Rb1 Rcf2+ 36. Ke1 h5 37. f5 Rxf5 0-1